A Hardware Specification Method

Bibliographic Details
Main Authors: Fristacky, Norbert (Author), Cingel, Viktor (Author)
Format: Article
Language:English
PhysicalDescription:Obr. 1, lit. 17 zázn. v angl.
ISBN:8023302558
Subjects:

MARC

LEADER 00000nab a2200000 a 4500
001 vtls000524196
003 SK-MaSNL
005 20260319074326.0
008 160204c1992 xo 0 eng
015 |a SNBRA19rr/mm-uuuuu 
035 |a CL0524334 
040 |a SNKBUCL  |b slo  |c SNKBUCL  |e AACR2 
041 0 |a eng 
044 |a xo  |c SK 
080 |a 681.3  |2 1981 
100 1 |a Fristacky, Norbert  |4 aut  |9 987662 
245 1 0 |a A Hardware Specification Method  |c Norbert Fristacky, Viktor Cingel 
300 |b Obr. 1, lit. 17 zázn. v angl. 
650 0 7 |a zariadenie číslicové  |2 snkbucl  |9 987663 
650 0 7 |a hardvér  |2 snkbucl  |9 1221 
655 7 |a články zo zborníkov  |2 snkbucl  |9 166140 
700 1 |a Cingel, Viktor  |4 aut  |9 280929 
773 0 |t Mikrosystém '92  |d Bratislava : Dom techniky ZSVTS, 1992  |g S. 109-115  |z 8023302558 
850 |a Slovenská národná knižnica v Martine  |a MTA001 
852 |a SNK  |b KIS3GCP 
958 |a NB 
958 |a RK 
992 |a RZB 
999 |c 1586513  |d 1588443